1744 1458 1330 1323 1066 1250 1206 1042 1511 1879 1046 1381 1446 1794 1811 1645 1210 1312 1175 1975 1225 1169 1709 1926 1004 1521 1640 1495 1189 1447 1676 1555 1196 1425 1502 1614 1625 1158 1996 1552 1887 1051 1975 1613 1836 1163 1153 1397 1585 1721 1222 1814 1117 1179 1054 1113 1804 1468 1712 1942 1141 1058 1823 1643 1279 1494 1698 1348 1278 1929 1259 1274 1206 1842 1823 1466 1888 1258 1981 1118 1265 1761 1920 1779 1636 1531 1749 1958 1547 1874 1582 1333 1864 1180 1493 1104 1911 1721 1973 BCNSPRNW ULIB Ver.6.0+V

เปลี่ยนเป็นภาษาไทย

Change to English
 แสดงรายละเอียดบรรณานุกรม
  กลับหน้าหลัก

Brief Record : Get Marc (ISO 2709) : E-mail record : QR code < ปิดหน้าต่าง
LEADER : 00000nam 2200000uu 4500
001    13399113974
003     ULIB
008    110208s||||||||th 000 0 tha d
020    9789748817941
060 04 WY18.2^bว587ส 2548
245 00 สาระทบทวน :^bกฎหมายและจรรยาบรรณวิชาชีพการพยาบาล /^cบรรณาธิการ, ละเอียด แจ่มจันทร์, สุรี ขันธรักษวงศ์
246 30 กฎหมายและจรรยาบรรณวิชาชีพการพยาบาล
250    พิมพ์ครั้งที่ 2
260    กรุงเทพฯ :^bจุดทอง, ^c2548
300    144 หน้า ;^c26 ซม.
650  7 การพยาบาล^xกฎหมายและระเบียบข้อบังคับ
650  7 จรรยาบรรณพยาบาล
700 0  ละเอียด แจ่มจันทร์,^eบรรณาธิการ
700 0  สุรี ขันธรักษวงศ์,^eบรรณาธิการ
945    ^p0^l0^i016671
945    ^p0^l0^i016672
945    ^p0^l0^i016673
945    ^p0^l0^i016674
945    ^p0^l0^i016675
945    ^p0^l0^i019185
945    ^p0^l0^i025755
995    ทศพร
999 ^a ใช้งานได้ทุกระบบ
รายการนี้ยังไม่มีแท็ก
คุณยังไม่ได้ล็อกอิน คุณสามารถมีกิจกรรมร่วมกับเว็บไซต์ได้ แต่ต้องล็อกอินก่อน ::
  ล็อกอิน

รายการสื่อสารสนเทศ

ลำดับที่ ประเภท เลขเรียก/บาร์โค้ด สถานที่ สถานะ
- ไม่พบข้อมูล -

รายการใกล้เคียง
    หัวเรื่อง [การพยาบาล กฎหมายและระเบียบข้อบังคับ]
    หัวเรื่อง [จรรยาบรรณพยาบาล]

BibComment


ยังไม่เคยถูกคอมเมนท์

คอมเมนท์ทรัพยากรรายการนี้
  คอมเมนท์: สาระทบทวน กฎหมาย..


 Copyright 2026. Bcnsprnw @Library